| 000 | 00563nam a22001697a 4500 | ||
|---|---|---|---|
| 999 |
_c1938 _d1938 |
||
| 003 | URS | ||
| 005 | 20220114141922.0 | ||
| 008 | 190816s1989 ph |||| |||| 00| 0 eng d | ||
| 040 |
_cURS _beng _drda |
||
| 050 | 1 | 4 |
_aLB 1025.3 _b.T25341989 |
| 100 | _aGonzales, Ma. Minerva A. | ||
| 245 | 1 | 0 |
_aTeaching strategies in the social sciences for elementary grades _cMa.Minerva A. Gonzales |
| 264 |
_aQuezon City: _bKatha Publishing Corp. Incorporation; _c[1989] |
||
| 300 |
_aviii, 94 pages _bIllustrations _c25 cm. |
||
| 504 | _aBibliography ; pages 25 cm. | ||
| 942 |
_2lcc _cF |
||